Catálogo de la Biblioteca Horacio González - Universidad Nacional de General Sarmiento

La niña santa (Registro nro. 54811)

Detalles MARC
000 -CABECERA
campo de control de longitud fija 01635ngm a22003010a 4500
001 - NÚMERO DE CONTROL
campo de control PT28319
003 - IDENTIFICADOR DEL NÚMERO DE CONTROL
campo de control AR-LpoUNG
005 - FECHA Y HORA DE LA ÚLTIMA TRANSACCIÓN
campo de control 20210202000419.0
007 - CAMPO FIJO DE DESCRIPCIÓN FÍSICA--INFORMACIÓN GENERAL
campo de control de longitud fija vd cvaizq
008 - DATOS DE LONGITUD FIJA--INFORMACIÓN GENERAL
campo de control de longitud fija 191001suuuu||||ag |||||||||||||||||spa d
037 ## - FUENTE DE ADQUISICIÓN
Condiciones de disponibilidad $7.80
040 ## - FUENTE DE LA CATALOGACIÓN
Centro catalogador/agencia de origen AR-LpoUNG
Lengua de catalogación spa
Centro/agencia transcriptor AR-LpoUNG
Normas de descripción aacr
041 ## - CÓDIGO DE LENGUA
Código de lengua del texto/banda sonora o título independiente spa
044 ## - CÓDIGO DEL PAÍS DE LA ENTIDAD EDITORA/PRODUCTORA
Código MARC del país ag
082 0# - NÚMERO DE LA CLASIFICACIÓN DECIMAL DEWEY
Número de clasificación 306.734 376nin
100 1# - ENTRADA PRINCIPAL--NOMBRE DE PERSONA
Nombre de persona Martel, Lucrecia
Término indicativo de función/relación dir.
245 13 - MENCIÓN DE TÍTULO
Título La niña santa
260 ## - PUBLICACIÓN, DISTRIBUCIÓN, ETC.
Lugar de publicación, distribución, etc. Buenos Aires :
Nombre del editor, distribuidor, etc. Transeuropa,
Fecha de publicación, distribución, etc. 2007.
300 ## - DESCRIPCIÓN FÍSICA
Extensión DVD (103 min.) : son., col.
505 0# - NOTA DE CONTENIDO CON FORMATO
Nota de contenido con formato Créditos: Producción, Lita Stantic; producción ejecutiva, Pedro Almodóvar, Agustín Almodóvar y Esther García; música, Andrés Gerszenzon; fotografía, Félix Monti; montaje, Santiago Ricci; dirección artística, Graciela Oderigo; vestuario: Julio Suárez. - Elenco: Mercedes Morán (Helena), Carlos Belloso (Dr. Jano), Alejandro Urdapilleta (Freddy), María Alché (Amalia), Julieta Zylberberg (Josefina), Mónica Villa (Madre de Josefina), Marta Lubos (Mirta), Arturo Goetz (Dr. Vesalio), Alejo Mango (Dr. Cuesta), Mía Maestro (Inés).
520 ## - SUMARIO, ETC.
Sumario, etc. En una ciudad de provincia un grupo de adolescentes místicas se preocupa por su rol en el plan divino. Un congreso de otorrinolaringología hace desembarcar a un médico prestigioso. El médico roza a Amalia, una de las adolescentes, en la calle. Quizás Dios la ha llamado para salvar de su falta a este hombre. El consolidado mundo del médico se resquebraja ante la misión sagrada de la chica.
650 #4 - PUNTO DE ACCESO ADICIONAL DE MATERIA--TÉRMINO DE MATERIA
Término de materia o nombre geográfico como elemento de entrada DRAMA
651 #4 - PUNTO DE ACCESO ADICIONAL DE MATERIA--NOMBRE GEOGRÁFICO
Nombre geográfico Argentina
653 ## - TÉRMINO DE INDIZACIÓN--NO CONTROLADO
Término no controlado CINE ARGENTINO
653 ## - TÉRMINO DE INDIZACIÓN--NO CONTROLADO
Término no controlado VIDEOS
905 ## - ELEMENTOS DE DATOS E LOCAL, LDE (RLIN)
a 28319
942 ## - ELEMENTOS DE PUNTO DE ACCESO ADICIONAL (KOHA)
Tipo de ítem Koha DVD
Existencias
Estado de retiro Estado de pérdida Estado dañado No para préstamo Código de colección Localización permanente Ubicación/localización actual Fecha de adquisición Total de préstamos Signatura topográfica completa Código de barras Fecha visto por última vez Precio válido a partir de Tipo de ítem Koha
        Colección Cine Biblioteca Universidad Nacional de General Sarmiento Biblioteca Universidad Nacional de General Sarmiento 02/02/2021   306.734 376nin 00043238 02/02/2021 02/02/2021 DVD
        Colección Cine Biblioteca Universidad Nacional de General Sarmiento Biblioteca Universidad Nacional de General Sarmiento 02/02/2021   306.734 376nin 00043862 02/02/2021 02/02/2021 DVD
        Colección Cine Biblioteca Universidad Nacional de General Sarmiento Biblioteca Universidad Nacional de General Sarmiento 02/02/2021   306.734 376nin 00043900 02/02/2021 02/02/2021 DVD